Amenaza sísmica de la zona de la zona central de Costa Rica, en coordinación con el Instituto Nacional de Seguros
Збережено в:
| Автор: | |
|---|---|
| Інші автори: | |
| Формат: | Книга |
| Мова: | Spanish |
| Опубліковано: |
[San José, Costa Rica] : Universidad de Costa Rica, [Facultad de Ingeniería], Instituto de Investigaciones en Ingeniería, Laboratorio de Ingeniería Sísmica
2002
|
| Предмети: | |
| Теги: |
Додати тег
Немає тегів, Будьте першим, хто поставить тег для цього запису!
|
MARC
| LEADER | 00000nam a2200000Ia 4500 | ||
|---|---|---|---|
| 003 | PI0130 | ||
| 005 | 20240509090113.0 | ||
| 008 | 140114s2002 cr a 000 ||spa d | ||
| 040 | |c cru CEDI | ||
| 100 | |a Linkimer Abarca, Lepolt, 1978- |9 1716 | ||
| 245 | |a Amenaza sísmica de la zona de la zona central de Costa Rica, en coordinación con el Instituto Nacional de Seguros | ||
| 260 | |a [San José, Costa Rica] : Universidad de Costa Rica, [Facultad de Ingeniería], Instituto de Investigaciones en Ingeniería, Laboratorio de Ingeniería Sísmica |c 2002 | ||
| 500 | |a Informe final proyecto de investigación, no. 731-A1-079 | ||
| 650 | |x INGENIERÍA SÍSMICA |x SISMOLOGIA | ||
| 700 | |a Schmidt Díaz, Víctor, 1965- |9 1714 | ||
| 942 | |c PI |h PI-130 |i PI0130 |6 PI_130_PI0130 | ||
| 999 | |c 12834 |d 12834 | ||
